000 00483nam a2200193 a 4500
001 BRCA_7254
005 20190320205753.0
008 260112s1921----gw-#######---#000-0#ger-#
041 _ager
044 _agw
050 4 _aPT2617.I48
_b.W3
100 1 _aHinrichs, August
_d1879-1956.
_917968
245 1 0 _aDer Wanderer ohne Weg
_bRoman
_cAugust Hinrichs.
260 _aLeipzig
_bQuelle & Meyer
_c1921
300 _a291 p.
_c19 cm.
500 _aP14
902 _aGFM
942 _2lcc
_cB
999 _c6935
_d6935